| 000 | 00663nam a22001817a 4500 | ||
|---|---|---|---|
| 005 | 20220805090240.0 | ||
| 008 | 220804s2010 mx |||f |||| 00| 0 spa d | ||
| 020 | _a978-607-7673-20-0 | ||
| 040 | _cCHAP | ||
| 082 |
_222 _a305.433242097247 _bM95 |
||
| 245 |
_aMujeres en la arena política de Tlaxcala / _cpor Raúl Jiménez Guillén ... [ y otros ]. |
||
| 264 | 1 |
_aTlaxcala, México : _bEl Colegio de México : _bLa Jornada de Oriente, _c2010. |
|
| 300 | _a208 páginas. | ||
| 650 | 0 |
_aMujeres _9185325 _xParticipación política _zTlaxcala |
|
| 650 | 7 |
_aTlaxcala _9113480 _xPolítica y gobierno |
|
| 700 |
_aJiménez Guillén, Raúl _9185194 |
||
| 942 |
_cLIBRO _2ddc |
||
| 999 |
_c217194 _d217194 |
||